ARRUPE JESUIT UNIVERSITY

CORONAVIRUS -STOP THE SPREAD - CLEAN,DISINFECT,COVER

Archaeology in Southern Africa (Record no. 128888)

MARC details
000 -LEADER
fixed length control field 00893cam a2200289 4500
001 - CONTROL NUMBER
control field 3206439
003 - CONTROL NUMBER IDENTIFIER
control field ARRUPE
005 - DATE AND TIME OF LATEST TRANSACTION
control field 20190201091643.0
008 - FIXED-LENGTH DATA ELEMENTS--GENERAL INFORMATION
fixed length control field 710922s1971 sa a b 001 0 eng
010 ## - LIBRARY OF CONGRESS CONTROL NUMBER
LC control number 77594216
015 ## - NATIONAL BIBLIOGRAPHY NUMBER
National bibliography number SANB***
020 ## - INTERNATIONAL STANDARD BOOK NUMBER
International Standard Book Number 036000105X
040 ## - CATALOGING SOURCE
Original cataloging agency DLC
Transcribing agency DLC
Modifying agency DLC
043 ## - GEOGRAPHIC AREA CODE
Geographic area code f-sa---
050 00 - LIBRARY OF CONGRESS CALL NUMBER
Classification number SPC. GN865.S5
Item number W6
300 ## - PHYSICAL DESCRIPTION
Other physical details illus. (part col.)
Dimensions 22 cm.
100 1# - MAIN ENTRY--PERSONAL NAME
Personal name Woodhouse, H. C.,
Dates associated with a name 1919-
9 (RLIN) 44350
245 10 - TITLE STATEMENT
Title Archaeology in Southern Africa
Statement of responsibility, etc [by] H. C. Woodhouse.
260 ## - PUBLICATION, DISTRIBUTION, ETC. (IMPRINT)
Place of publication, distribution, etc Cape Town,
Name of publisher, distributor, etc Purnell
Date of publication, distribution, etc [1971]
300 ## - PHYSICAL DESCRIPTION
Extent 170 p.
350 ## - PRICE (NR) (BK AM CF MU VM SE) [OBSOLETE]
Price R4.50
504 ## - BIBLIOGRAPHY, ETC. NOTE
Bibliography, etc Bibliography: p. 165.
650 #0 - SUBJECT ADDED ENTRY--TOPICAL TERM
Topical term or geographic name as entry element Prehistoric peoples
Geographic subdivision South Africa.
9 (RLIN) 38257
650 #0 - SUBJECT ADDED ENTRY--TOPICAL TERM
Topical term or geographic name as entry element Antiquities, Prehistoric
Geographic subdivision South Africa.
9 (RLIN) 44351
650 #0 - SUBJECT ADDED ENTRY--TOPICAL TERM
Topical term or geographic name as entry element Stone age
Geographic subdivision South Africa.
9 (RLIN) 44352
651 #0 - SUBJECT ADDED ENTRY--GEOGRAPHIC NAME
Geographic name South Africa
General subdivision Antiquities.
9 (RLIN) 44353
906 ## - LOCAL DATA ELEMENT F, LDF (RLIN)
a 7
b cbc
c orignew
d 4
e ncip
f 19
g y-gencatlg
942 ## - ADDED ENTRY ELEMENTS (KOHA)
Source of classification or shelving scheme Library of Congress Classification
Koha item type SPC
Holdings
Withdrawn status Lost status Source of classification or shelving scheme Damaged status Not for loan Collection code Home library Current library Shelving location Date acquired Total Checkouts Full call number Barcode Date last seen Price effective from Koha item type
    Library of Congress Classification     SPECIAL Collection ARRUPE LIBRARY ARRUPE LIBRARY REFERENCE 01/02/2019   SPC. GN865.S5 W6 46600003568 01/02/2019 01/02/2019 SPC

 

Arrupe Library. PO Box MP320 Mt Pleasant, Harare, Zimbabwe
263 242 745411|librarian@aju.ac.zw